| 000 -LEADER |
| fixed length control field |
00494nam a22001577a 4500 |
| 005 - DATE AND TIME OF LATEST TRANSACTION |
| control field |
20231117161507.0 |
| 008 - FIXED-LENGTH DATA ELEMENTS--GENERAL INFORMATION |
| fixed length control field |
231117s1977 enk||||| |||| 00| 0 eng d |
| 041 ## - LANGUAGE CODE |
| Language code of text/sound track or separate title |
eng |
| 080 ## - UNIVERSAL DECIMAL CLASSIFICATION NUMBER |
| Universal Decimal Classification number |
902.2 P-74 |
| 100 ## - MAIN ENTRY--PERSONAL NAME |
| Personal name |
Plesničar-Gec, Ljudmila |
| 9 (RLIN) |
20425 |
| 245 ## - TITLE STATEMENT |
| Title |
Keramika Emonskih nekropol / |
| Statement of responsibility, etc. |
Ljudmila Plesničar-Gec. |
| 264 ## - PRODUCTION, PUBLICATION, DISTRIBUTION, MANUFACTURE, AND COPYRIGHT NOTICE |
| Place of production, publication, distribution, manufacture |
LJUBLJANA : |
| Name of producer, publisher, distributor, manufacturer |
MESTNI MUZEJ, |
| Date of production, publication, distribution, manufacture, or copyright notice |
1977. |
| 300 ## - PHYSICAL DESCRIPTION |
| Extent |
109 p. : |
| Other physical details |
ill.; |
| Dimensions |
28 cm. |
| 653 ## - INDEX TERM--UNCONTROLLED |
| keyword |
EMMONI Necrops-ის კერამიკა |
| 942 ## - ADDED ENTRY ELEMENTS (KOHA) |
| Source of classification or shelving scheme |
|
| Koha item type |
წიგნი |